<?xml version="1.0" encoding="UTF-8"?>
<collection xmlns="http://www.loc.gov/MARC21/slim">
<record>
  <controlfield tag="001">239511</controlfield>
  <controlfield tag="005">20240928174945.0</controlfield>
  <datafield tag="035" ind1=" " ind2=" ">
    <subfield code="a">G:(GEPRIS)162373540</subfield>
  </datafield>
  <datafield tag="024" ind1="7" ind2=" ">
    <subfield code="a">G:(GEPRIS)162373540</subfield>
    <subfield code="d">162373540</subfield>
  </datafield>
  <datafield tag="040" ind1=" " ind2=" ">
    <subfield code="a">GEPRIS</subfield>
    <subfield code="c">http://gepris.its.kfa-juelich.de</subfield>
  </datafield>
  <datafield tag="150" ind1=" " ind2=" ">
    <subfield code="a">Funktionen der cGMP-abhängigen Proteinkinase (PKG) bei der Steuerung der Arbeitsteilung in Honigbienen</subfield>
    <subfield code="y">2010 - 2016</subfield>
  </datafield>
  <datafield tag="371" ind1=" " ind2=" ">
    <subfield code="a">Professorin Dr. Ricarda Scheiner-Pietsch</subfield>
  </datafield>
  <datafield tag="450" ind1=" " ind2=" ">
    <subfield code="a">DFG project G:(GEPRIS)162373540</subfield>
    <subfield code="w">d</subfield>
    <subfield code="y">2010 - 2016</subfield>
  </datafield>
  <datafield tag="510" ind1="1" ind2=" ">
    <subfield code="a">Deutsche Forschungsgemeinschaft</subfield>
    <subfield code="0">I:(DE-588b)2007744-0</subfield>
    <subfield code="b">DFG</subfield>
  </datafield>
  <datafield tag="680" ind1=" " ind2=" ">
    <subfield code="a">Wir wollen in drei Modellorganismen vergleichend die Zusammenhänge zwischen gustatorischer Empfindlichkeit, assoziativem Lernen und Neuromodulation auf verschiedenen Systemebenen aufdecken.In Honigbienen werden wir schwerpunktmäßig die Rolle der cGMP-abhängigen Proteinkinase bei der Steuerung von gustatorischer Empfindlichkeit und Belohnungslernen untersuchen. In Fruchtfliegen und Amerikanischen Schaben wollen wir zunächst den Zusammenhang zwischen gustatorischer Empfindlichkeit und Belohnungslernen analysieren. Anschließend werden wir untersuchen, wie die gustatorische Empfindlichkeit und das Belohnungslernen durch wichtige Neurotransmitter, deren Rezeptoren sowie cAMP- bzw. cGMP-abhängige Proteinkinasen gesteuert werden. Wir werden verhaltensgenetisch (UAS/GAL4 System) und verhaltenspharmakologisch arbeiten, die Genexpression mit Verhalten korrelieren und die RNA Interferenzmethode für das foraging-Gen im Gehirn der Biene etablieren.Die Ergebnisse unserer Experimente werden einen umfangreichen Vergleich erlauben, wie Neurotransmitter und zentrale Signalkaskaden die gustatorische Empfindlichkeit in Insekten steuern und darüber das individuelle Lernverhalten kontrollieren.</subfield>
  </datafield>
  <datafield tag="909" ind1="C" ind2="O">
    <subfield code="o">oai:juser.fz-juelich.de:895366</subfield>
    <subfield code="p">authority:GRANT</subfield>
    <subfield code="p">authority</subfield>
  </datafield>
  <datafield tag="980" ind1=" " ind2=" ">
    <subfield code="a">G</subfield>
  </datafield>
  <datafield tag="980" ind1=" " ind2=" ">
    <subfield code="a">AUTHORITY</subfield>
  </datafield>
  <datafield tag="909" ind1="C" ind2="O">
    <subfield code="o">oai:juser.fz-juelich.de:895366</subfield>
  </datafield>
</record>
</collection>